000 01400cam a2200361 i 4500
999 _c8060
_d8060
001 17698968
003 GBCCL
005 20241126110642.0
008 130415s2013 tnu b 000 0 eng
010 _a 2013007539
020 _a9780849947612 (hbk.)
020 _a0849947618 (hbk.)
020 _a9780849922046 (IE)
040 _aDLC
_beng
_cDLC
_erda
_dDLC
042 _apcc
050 0 0 _aBT751.3
_b.G725 2013
082 0 0 _a234.25
_223
_bGRA
100 1 _aGraham, Billy,
_d1918-2018.
_99331
245 1 4 _aThe reason for my hope :
_bsalvation /
_cBilly Graham.
264 1 _aNashville, Tennessee :
_bW Publishing Group, an imprint of Thomas Nelson,
_c[2013]
264 4 _c@2013
300 _axii, 207 pages ;
_c24 cm
336 _atext
_2rdacontent
337 _aunmediated
_2rdamedia
338 _avolume
_2rdacarrier
504 _aIncludes bibliographical references (pages 185-206).
505 0 _aHope for rescue -- Redeeming hope for all -- Hope for the culture -- Hope emerges -- Resurrecting hope -- Hope for a designer world -- No hope of happy hour in hell -- My hope -- Living life with hope.
650 0 _aSalvation
_xChristianity.
_9887
650 0 _aHope
_xReligious aspects
_xChristianity.
_9272
906 _a7
_bcbc
_corignew
_d1
_eecip
_f20
_gy-gencatlg
942 _2ddc
_cBK
_01